000 00676nam a2200253Ia 4500
003 OSt
005 20220926012136.0
006 a|||||r|||| 00| 0
007 ta
008 220923b |||||||| |||| 00| 0 eng d
020 _a0631144021
037 _cGeneral Book
040 _aRTL
_cRTL
_beng
041 _2eng
_aeng
082 _aX:7:(B), M8
100 _aQuandt Richard E
_9126370
245 0 _aEconometrics of disequilibrium
260 _aNew York
_bBasil Blackwell
_c1988
300 _aviii,296p
_ccm.
500 _aBibliography P 279-91
650 _aValue
942 _hX:7:(B), M8
_cGB
_2CC
999 _c621849
_d621849